| 000 | 00405nam a2200145Ia 4500 | ||
|---|---|---|---|
| 008 | 210210b1984 xxu||||| |||| 00| 0 eng d | ||
| 082 | _a530.41 YEPI | ||
| 100 | _aYEPIFANOV (G I) & MOMA (Yu A). | ||
| 245 | _aIntroduction to solid- state electronics. | ||
| 260 |
_aMoscow _bMir Publishers, _c1984 |
||
| 300 | _a432 | ||
| 650 | _aSolid State Electronics | ||
| 690 | _aSolid State Physics | ||
| 906 | _a037264 | ||
| 999 |
_c87244 _d87244 |
||